Statistics for 神奈川県の市町村 (2000年)

Click here to take the quiz!

General Stats

  • This quiz has been taken 62 times
    (44 since last reset)
  • The average score is 32 of 37

Answers on the Map

Answers color-coded by a green-red scale on the quiz's map according to % correct below.
 

Answer Stats

ヒント市町村名% Correct
横浜市よこはまし
100%
横須賀市よこすかし
100%
海老名市えびなし
100%
藤沢市ふじさわし
100%
小田原市おだわらし
100%
茅ヶ崎市ちがさきし
100%
川崎市かわさきし
100%
相模原市さがみはらし
100%
足柄下郡真鶴町まなづるまち
97%
三浦郡葉山町はやままち
97%
逗子市ずしし
97%
中郡二宮町にのみやまち
97%
三浦市みうらし
97%
平塚市ひらつかし
97%
足柄下郡箱根町はこねまち
97%
厚木市あつぎし
94%
鎌倉市かまくらし
94%
足柄下郡湯河原町ゆがわらまち
91%
伊勢原市いせはらし
91%
中郡大磯町おおいそまち
88%
足柄上郡山北町やまきたまち
85%
足柄上郡松田町まつだまち
85%
綾瀬市あやせし
85%
大和市やまとし
85%
秦野市はだのし
82%
高座郡寒川町さむかわまち
76%
南足柄市みなみあしがらし
76%
津久井郡相模湖町さがみこまち
76%
座間市ざまし
74%
足柄上郡大井町おおいまち
71%
足柄上郡開成町かいせいまち
71%
津久井郡津久井町つくいまち
71%
足柄上郡中井町なかいまち
68%
津久井郡藤野町ふじのまち
68%
愛甲郡清川村きよかわむら
65%
愛甲郡愛川町あいかわまち
62%
津久井郡城山町しろやままち
47%

Score Distribution

Percentile by Number Answered

Percent of People with Each Score

Your Score History

You have not taken this quiz since the last reset